=LDR 00000nam 2200000 4500 =001 NUTBA000000000006268 =005 20200916083048 =035 ##$$a 0010-111400000000747 =008 200916################g##########0#ind## =020 ##$$a 979-511-921-4 =082 ##$$a 070.435 =090 ##$$a 070.435 mAP S =100 ##$$a Mappatoto, andi baso =245 1#$$a Siaran pers : $b Suatu kiat penulisan /$c Mappatoto, andi baso; Editor, Made suartika =260 ##$$a Jakarta :$b Gramedia,$c 1993 =300 ##$$a xi, 145 hlm : $b Ilus ; $c 21 x 14 cm =850 ##$$aNBPNMAT =084 ##$$a 070.435 MAP s =650 #4$$a Pers - siaran =990 ##$$a 113.723/Pro - 97 =990 ##$$a 64.123/Pro - 93 =990 ##$$a 73.991/Pro - 94 =990 ##$$a 87.047/Pro - 95 =990 ##$$a 73.993/Pro-94